Kandydaci na urząd prezydencki 2025 Polski - Statystyki

Ogólne statystyki
  • Ten quiz został rozwiązany 82 razy
    13 od ostatniego zresetowania
  • Średni wynik to 10 z 13
Statystyki odpowiedzi
Partia Kandydat % Poprawnych
Konfederacja Korony Polskiej Grzegorz Braun
91%
(Poparty przez) Prawo i Sprawiedliwość Karol Nawrocki
91%
Koalicja/Platforma Obywatelska Rafał Trzaskowski
91%
Konfederacja Sławomir Mentzen
91%
Nowa Lewica Magdalena Biejat
82%
PSL/Polska 2050 (Trzecia Droga) Szymon Hołownia
82%
Lewica Razem Adrian Zandberg
73%
Kandydat Niezależny Joanna Senyszyn
73%
Kandydat Niezależny Krzysztof Stanowski
73%
Bezpartyjni Samorządowcy Marek Woch
73%
Kandydat Niezależny Maciej Maciak
64%
Kukiz’15 Marek Jakubiak
55%
Kandydat Niezależny Artur Bartoszewicz
36%
Nie znaleziono quizów pasujących do podanych kryteriów
Rozkład punktacji
Procent ludzi z każdym wynikiem
Percentyl według liczby udzielonych odpowiedzi
Twoja historia wyników
Nie rozwiązałeś tego quizu od ostatniego zresetowania